[Event "23rd International Grunwald Cup (blind)"]
[Site "Dadaj"]
[Date "2008.09.29"]
[Round "9.15"]
[White "Hagner, Pawel"]
[Black "Debowska, Teresa"]
[Result "0-1"]
[WhiteElo "1906"]
[BlackElo "1916"]
[PlyCount "121"]
[EventDate "2008.??.??"]

1. d4 c5 2. Nf3 cxd4 3. Nxd4 d5 4. c3 Nf6 5. Bg5 e5 6. Nf3 e4 7. Nd4 Be7 8. e3
O-O 9. Nd2 Qb6 10. Qb3 Qd8 11. Be2 Nc6 12. O-O Na5 13. Qd1 Nd7 14. Bxe7 Qxe7
15. c4 dxc4 16. Nxc4 Nxc4 17. Bxc4 Ne5 18. Be2 Qg5 19. Qc2 Qg6 20. Kh1 Bg4 21.
Qc7 Bxe2 22. Nxe2 Nd3 23. Ng3 Rab8 24. Qa5 a6 25. b3 b5 26. Rad1 h5 27. Qc3
Rfd8 28. Kg1 h4 29. Ne2 h3 30. Ng3 hxg2 31. Kxg2 Qg4 32. Qc6 Nf4+ 33. exf4 Qf3+
34. Kg1 Rxd1 35. Nxe4 Rxf1+ 36. Kxf1 Qh1+ 37. Ke2 Qxh2 38. Ng3 Qh6 39. Qc7 Re8+
40. Kf3 Qe6 41. Qc3 Rc8 42. Qd3 Qc6+ 43. Kg4 Qc2 44. Qd7 Qg6+ 45. Kf3 Qc6+ 46.
Qxc6 Rxc6 47. Ne4 f5 48. Ng3 g6 49. Ne2 Rc2 50. a3 Ra2 51. Nd4 Rxa3 52. Ke3 a5
53. Kd3 a4 54. Kc3 Ra2 55. f3 axb3 56. Nxb3 Rf2 57. Nd4 Kf7 58. Kb4 Rd2 59.
Nxb5 Rd3 60. Nc3 Rxf3 61. Nd5 0-1

[Event "23rd International Grunwald Cup (blind)"]
[Site "Dadaj"]
[Date "2008.09.29"]
[Round "9.17"]
[White "Kulik, Roman"]
[Black "Wolak, Tomasz"]
[Result "1/2-1/2"]
[WhiteElo "1888"]
[BlackElo "1971"]
[PlyCount "49"]
[EventDate "2008.??.??"]

1. d4 c5 2. c3 e6 3. Nf3 Nc6 4. e3 b6 5. Be2 Bb7 6. O-O f5 7. Ne5 Nf6 8. f4 Ne4
9. Nd2 d6 10. Nef3 Nxd2 11. Bxd2 Be7 12. Qa4 O-O 13. Ba6 Bxa6 14. Qxa6 Qc7 15.
Rac1 Bf6 16. Qd3 Rae8 17. d5 Nd8 18. dxe6 g6 19. Rcd1 Rxe6 20. Bc1 Nf7 21. Qc4
Re4 22. Qb3 Rfe8 23. Rd5 Qc6 24. Rfd1 Qa4 25. Qxa4 1/2-1/2

[Event "23rd International Grunwald Cup (blind)"]
[Site "Dadaj"]
[Date "2008.09.29"]
[Round "9.18"]
[White "Traczyk, Tadeusz"]
[Black "Fries, Elisabeth"]
[Result "1-0"]
[WhiteElo "1971"]
[BlackElo "1738"]
[PlyCount "27"]
[EventDate "2008.??.??"]

1. e4 c6 2. d4 d5 3. exd5 cxd5 4. c4 Nf6 5. Nc3 e6 6. Nf3 Be7 7. cxd5 exd5 8.
Bb5+ Bd7 9. Qb3 Bxb5 10. Qxb5+ Qd7 11. O-O Nc6 12. Ne5 Nxe5 13. dxe5 Qxb5 14.
Nxb5 1-0

[Event "23rd International Grunwald Cup (blind)"]
[Site "Dadaj"]
[Date "2008.09.29"]
[Round "9.19"]
[White "Hodowany, Wojciech"]
[Black "Dziobek, Jerzy"]
[Result "1/2-1/2"]
[WhiteElo "1870"]
[BlackElo "1863"]
[PlyCount "98"]
[EventDate "2008.??.??"]

1. d4 d5 2. Nf3 Nf6 3. Bf4 Bf5 4. e3 e6 5. c3 Bd6 6. Bxd6 Qxd6 7. Bd3 Bxd3 8.
Qxd3 O-O 9. O-O Nbd7 10. Nbd2 c5 11. Rfe1 Rac8 12. e4 dxe4 13. Nxe4 Nxe4 14.
Qxe4 b6 15. Ne5 Nxe5 16. Qxe5 Qxe5 17. dxe5 Rfd8 18. Rad1 Kf8 19. Kf1 Ke7 20.
Ke2 Rxd1 21. Rxd1 Rd8 22. Rxd8 Kxd8 23. Kd3 Kd7 24. Kc4 Kc6 25. a4 a6 26. b4
b5+ 27. axb5+ axb5+ 28. Kd3 Kd5 29. f4 f5 30. g3 h6 31. bxc5 Kxc5 32. Kd2 Kc4
33. Kc2 g5 34. Kd2 b4 35. cxb4 Kxb4 36. Kd3 Kc5 37. Kc3 Kd5 38. Kd3 g4 39. Ke3
Kc4 40. Ke2 Kd4 41. Kd2 Ke4 42. Ke2 h5 43. Kf2 h4 44. Ke2 h3 45. Kd2 Kf3 46.
Kd3 Kg2 47. Ke2 Kxh2 48. Kf2 Kh1 49. Kf1 h2 1/2-1/2